| 000 | 00357nam a22001337a 4500 | ||
|---|---|---|---|
| 008 | 250319b |||||||| |||| 00| 0 eng d | ||
| 020 | _a9781396396 | ||
| 050 |
_aPE3401 _b.J69 |
||
| 100 | _aJOWETH, David | ||
| 245 | _aNigerian English Usage: An Introduction | ||
| 260 |
_aAgbor Delta State _bLongman Nigeria Ltd. _c1991 |
||
| 300 | _axiii, 277p. | ||
| 942 | _cBK | ||
| 999 |
_c2479 _d2479 |
||